Szczegóły MARC21

Upowszechnianie, animacja, komercjalizacja kultury : podręcznik akademicki /

003 -Nazwa inst., której nr kontr. jest w polu 001 [,]
    • @
    • Nazwa instytucji, której n kontrolny jest w polu 001
    • NUKAT
005 -DATA I CZAS OSTATNIEJ MODYFIKACJI [,]
    • @
    • pole kontrolne
    • 20241231111800.0
020 -Międzynarod. znormalizowany nr książki - ISBN [ , ]
    • a
    • Numer ISBN
    • 9788301169701 Find
040 -Instytucja sporządzająca opis [ , ]
    • a
    • Instytucja, która sporządziła opis (NP)
    • WR U/mbo
    • c
    • Instytucja, która sporządziła rekord (NP)
    • WR U/mbo
    • d
    • Instytucja, która zmodyfikowała rekord (P)
    • WR U/hb
    • d
    • Instytucja, która zmodyfikowała rekord (P)
    • WR U/mbos
041 -Język dokumentu [0, ]
    • a
    • Język tekstu (P)
    • polski
    • b
    • Język streszczeń lub abstraktu (P)
    • angielski
942 -Rodzaj dokumentu [ , ]
    • c
    • Rodzaj dokumentu
    • Książka
100 -Hasło główne - nazwa osobowa [1, ]
    • a
    • Nazwa osobowa (NP)
    • Kargul, Józef
    • d
    • Daty biograficzne (NP)
    • (1936- ).
    • 9
    • KHW
    • 14525
245 -Strefa tytułu i oznaczenia odpowiedzialności [1,0]
    • a
    • Tytuł
    • Upowszechnianie, animacja, komercjalizacja kultury : Find
    • b
    • Ciąg dalszy tytułu (NP)
    • podręcznik akademicki / Find
    • c
    • Pozostałe elementy strefy tytułu i oznaczenia odpowiedzialności (NP)
    • Józef Kargul.
260 -Strefa adresu wydawniczego [ , ]
    • a
    • Miejsce wydania (P)
    • Warszawa :
    • b
    • Nazwa wydawcy (P)
    • Wydawnictwo Naukowe PWN,
    • c
    • Data wydania (P)
    • 2012.
300 -Strefa opisu fizycznego [ , ]
    • a
    • Określenie formy książki i/lub objętość (NP)
    • 380 s. ;
    • c
    • Format (NP)
    • 24 cm.
336 -Typ zawartości [ , ]
    • a
    • Termin opisujący typ zawartości
    • Tekst
    • b
    • Kod określający zawartość
    • txt
    • 2
    • Źródło (terminu i kodu)
    • rdacontent
337 -Typ mediów [ , ]
    • a
    • Tryb odtwarzania
    • Bez urządzenia pośredniczącego
    • b
    • Kod typu mediów
    • n
    • 2
    • Źródło (terminu i kodu)
    • rdamedia
338 -Typ/rodzaj nośnika [ , ]
    • a
    • Hasło opisujące typ nośnika
    • Wolumin
    • b
    • Kod typu nośnika
    • nc
    • 2
    • Źródło (terminu i kodu)
    • rdacarrier
504 -Uwaga dot. bibliogr. załącznikowej [ , ]
    • a
    • Uwaga dot. bibliografii załącznikowej
    • Bibliogr. s. 349-363. Indeksy.
546 -Uwaga dot. języka [ , ]
    • a
    • Uwaga dot. języka
    • Streszcz. w jęz. ang.
080 -Uniwersalna Klasyfikacja Dziesiętna [ , ]
    • 2
    • Identyfikator wydania tablic
    • UDC-P058
    • 9
    • UKD
    • 2828
    • a
    • Symbol klasyfikacji
    • 316.7
    • b
    • Dopowiedzenie
    • Socjologia kultury. Kulturowy kontekst życia społecznego. Antropologia społeczna. Kultura różnych społeczeństw. Cywilizacja. Podkultury. Subkultury. Kultura masowa. Kultury różnych grup. Dynamika kultury. Akulturacja. Zmiana kulturowa. Rozprzestrzenianie się kultury. Sankcje społeczne. Uspołecznianie zachowań.
    • 4
    • UKD2
    • 7665
    • x
    • Poddział wspólny
    • (075.8)
    • c
    • Dopowiedzenie poddz. wspólnego
    • (Podręczniki dla szkół wyższych. Skrypty).
080 -Uniwersalna Klasyfikacja Dziesiętna [ , ]
    • 2
    • Identyfikator wydania tablic
    • UDC-P058
    • 9
    • UKD
    • 3815
    • a
    • Symbol klasyfikacji
    • 37.013.43
    • b
    • Dopowiedzenie
    • Pedagogika kultury.
    • 4
    • UKD2
    • 7665
    • x
    • Poddział wspólny
    • (075.8)
    • c
    • Dopowiedzenie poddz. wspólnego
    • (Podręczniki dla szkół wyższych. Skrypty).
650 -Hasło przedmiotowe [ ,7]
    • a
    • Hasło przedmiotowe
    • Centra kulturalne
    • z
    • Określnik geograficzny
    • Polska
    • x
    • Określnik rzeczowy
    • historia.
    • 2
    • Źródło terminu
    • kaba
    • 9
    • KHW
    • 370817
650 -Hasło przedmiotowe [ ,7]
    • a
    • Hasło przedmiotowe
    • Animacja społeczno-kulturalna
    • z
    • Określnik geograficzny
    • Polska
    • x
    • Określnik rzeczowy
    • historia.
    • 2
    • Źródło terminu
    • kaba
    • 9
    • KHW
    • 370818
980 -Symbol UKD [ , ]
    • a
    • UKD
    • 316.7:37.013.43](075.8)
710 -Hasło dodatkowe - nazwa ciała zbiorowego [2, ]
    • a
    • Nazwa ciała zbiorowego lub nazwa geograficzna jako pierwszy element (NP)
    • Wydawnictwo Naukowe PWN.
    • 4
    • Kod relacji
    • pbl
    • 9
    • KHW
    • 52648
920 -ISBN [ , ]
    • a
    • ISBN
    • 978-83-01-16970-1 Find
Data inwentaryzacji Lokalizacja Numer inwentarzowy Status udost.
2013-11-12BGZ.1176791
2013-11-12BGWM.14947-3
2013-11-12BGWM.14948-3
2012-11-13BNSH.237881
2012-11-13BNSH.23789-3